Makroekonomická teorie matematický výklad

Gespeichert in:
Bibliographische Detailangaben
1. Verfasser: Allen, R.G.D
Format: Buch
Sprache:Tschechisch
Veröffentlicht: Praha ACADEMIA 1975
Tags: Tag hinzufügen
Keine Tags, Fügen Sie das erste Tag hinzu!

MARC

LEADER 00000nam$a2200000$$$4500
001 0005381
005 20240822101655.2
041 0 |a cze 
044 |a CZ 
245 1 0 |a Makroekonomická teorie  |b matematický výklad  |c R.G.D. Allen 
264 1 |a Praha  |b ACADEMIA  |c 1975 
300 |a 429 s. 
100 1 |a Allen, R.G.D.